| 000 | 00458nam a2200181Ia 4500 | ||
|---|---|---|---|
| 003 | GCL | ||
| 008 | 140319s9999 xx 000 0 eng d | ||
| 040 |
_aGCL / _cGCL |
||
| 082 | 0 | 4 |
_a843 _bD E |
| 100 | 1 | _aDURAS, MARGUERITE | |
| 245 | 1 | 0 |
_aL'EDEN CINEMA / _cDURAS, MARGUERITE |
| 260 |
_a[S.N] : _bFOLIO ، _c1992 |
||
| 300 | _a157\P | ||
| 490 |
_aCOLLECTION FOLIO CLASSIQUE _v0 |
||
| 650 | 0 | 4 | _aLITERATURE |
| 650 | 0 | 4 | _aFRENCH LITERATURE |
| 942 |
_2ddc _cBK |
||
| 999 |
_c21765 _d21765 |
||